| 000 | 00757nam a22002417a 4500 | ||
|---|---|---|---|
| 005 | 20170124110018.0 | ||
| 010 | _aA-706844 | ||
| 020 |
_c00.00 _a8185814163 |
||
| 035 | _aA-706844 | ||
| 037 | _bCen Lib/Ret | ||
| 040 |
_aDPL _bEN |
||
| 082 |
_a650.1 _bBHA |
||
| 100 |
_aBhatia, R.L. _919185 |
||
| 245 |
_aManaging time for a competitive edge / _cby R.L.Bhatia:illustrated by Subi Samuel |
||
| 260 |
_aNew Delhi _bA.H.Wheeler _c1994 |
||
| 270 |
_bNew Delhi _a411, Surya Kiran, 19 K.G. Marg _e110001 |
||
| 300 |
_aviii,99p. : _c24cm(Hb) _bill. |
||
| 500 | _aIncludes bibliographical refrences | ||
| 650 |
_aManagement. _93072 |
||
| 650 |
_aTime Management. _916925 |
||
| 700 |
_aSamuel, Subi _919186 |
||
| 942 |
_2ddc _cEN _h650.1 _mBHA |
||
| 999 |
_c127033 _d127033 |
||